000 00698nam a2200265Ia 4500
001 3674
005 20240113233642.0
007 ta
008 050602s1961 a g b000 u eng u
020 _cPB
040 _aCotton College Assam
041 _aeng
082 _a515.3
_bWi 633 Ad
100 _aWidder, David V. .
245 0 _aAdvance Calculus /
_cDavid V.Widder.
_hTextual Documents
250 _a2nd ed /
260 _aNew Delhi :
_bPrentice-Hall of India(Pvt Ltd) ,
_cc1961.
300 _a519p. :
_bill ;
_c21cm. .
504 _aIndex
653 _aMathematics - Advance Calculus
942 _2ddc
_cBK
999 _c3662
_d3662